[Event "Junior Online 4NCL Division 3"]
[Site "online"]
[Date "2020.05.21"]
[Round "6.75"]
[White "Hurst, Joseph"]
[Black "Xia, Weiquan"]
[Result "1-0"]
[WhiteElo "1645"]
[BlackElo "1480"]
[PlyCount "77"]
[EventDate "2020.05.21"]
[WhiteTeam "Robin Hoods 1"]
[BlackTeam "Warwickshire Bears C"]

1. e4 Nc6 2. d4 e6 3. Nf3 d5 4. e5 f6 5. Nc3 Be7 6. Bf4 Bb4 7. Qd2 Bd7 8. a3
Ba5 9. Bd3 a6 10. O-O Qe7 11. Rfe1 Bb6 12. Na4 Nxd4 13. Nxd4 Bxd4 14. Nc3 O-O-O
15. exf6 Nxf6 16. Bg5 h6 17. Nxd5 Qf7 18. Nxf6 hxg5 19. Nxd7 Rxd7 20. c3 Ba7
21. Rf1 Rhd8 22. Rad1 c5 23. Qc2 Kb8 24. Bc4 b5 25. Rxd7 Rxd7 26. Qb3 Qe8 27.
Bxe6 c4 28. Bxd7 cxb3 29. Bxe8 Kc7 30. Bf7 Kc6 31. Bxb3 g6 32. Re1 Kc5 33. Re5+
Kc6 34. Rxg5 Kd7 35. Rxg6 Kc8 36. Rg8+ Kb7 37. Rg7+ Kb6 38. Rxa7 Kxa7 39. h4
1-0

[Event "Junior Online 4NCL Division 3"]
[Site "online"]
[Date "2020.05.21"]
[Round "6.76"]
[White "Vas, Ethan"]
[Black "Stapleton, Dean"]
[Result "1-0"]
[WhiteElo "1412"]
[BlackElo "1457"]
[PlyCount "95"]
[EventDate "2020.05.21"]
[WhiteTeam "Warwickshire Bears C"]
[BlackTeam "Robin Hoods 1"]

1. c4 e5 2. Nc3 Nf6 3. g3 d6 4. Bg2 Be6 5. d3 Qd7 6. e3 Nc6 7. Nge2 O-O-O 8.
O-O Bh3 9. b3 Be7 10. Bb2 h5 11. a4 h4 12. g4 Bxg4 13. f3 Bh3 14. d4 exd4 15.
exd4 g5 16. f4 gxf4 17. Nxf4 Rhg8 18. Nxh3 Qxh3 19. Rf2 Nh5 20. Kf1 Qxh2 21.
Qxh5 Nxd4 22. Nb5 Kb8 23. Bxd4 b6 24. Qf3 d5 25. cxd5 Rg3 26. Qf4 Bd6 27. Nxd6
h3 28. Raa2 Rxd6 29. Be5 Rdg6 30. Qe4 hxg2+ 31. Rxg2 Rxg2 32. Bxh2 Rxa2 33. d6
Rf6+ 34. Bf4 cxd6 35. Qe8+ Kb7 36. Qe7+ Ka6 37. Qxf6 Ra1+ 38. Kg2 Rc1 39. Bxc1
d5 40. b4 d4 41. Qf1+ Kb7 42. Qf3+ Ka6 43. Qf5 Kb7 44. Qxf7+ Kc6 45. Qc4+ Kb7
46. b5 a6 47. bxa6+ Ka7 48. Qc8 1-0

[Event "Junior Online 4NCL Division 3"]
[Site "online"]
[Date "2020.05.21"]
[Round "6.77"]
[White "Tomsett, Jonah"]
[Black "Sastry, Shriya"]
[Result "0-1"]
[WhiteElo "1382"]
[BlackElo "1322"]
[PlyCount "102"]
[EventDate "2020.05.21"]
[WhiteTeam "Robin Hoods 1"]
[BlackTeam "Warwickshire Bears C"]

1. e4 e5 2. Nf3 Nc6 3. Bc4 Bc5 4. Nc3 Nf6 5. d3 h6 6. h3 d6 7. O-O O-O 8. a3
Bd7 9. b4 Bb6 10. Qe1 Nd4 11. Nxd4 Bxd4 12. Bb2 a6 13. Qb1 Nh5 14. Nd5 Bxb2 15.
Qxb2 c6 16. Ne3 Nf4 17. Qc1 Ne2+ 18. Kh1 Nxc1 19. Rfxc1 Qf6 20. Ng4 Bxg4 21.
hxg4 Qxf2 22. a4 Qh4+ 23. Kg1 Qxg4 24. b5 axb5 25. axb5 cxb5 26. Bxb5 Qe2 27.
Bc4 Rxa1 28. Rxa1 Qxc2 29. Ra7 Qb2 30. Bd5 Qb6+ 31. Kh2 Qxa7 32. g3 Qd4 33.
Bxb7 Qxd3 34. Kh3 Qf1+ 35. Kg4 Qd1+ 36. Kh3 Qb3 37. Bd5 Qxd5 38. exd5 e4 39.
Kg2 e3 40. Kf1 Re8 41. Ke2 f5 42. g4 fxg4 43. Ke1 g3 44. Kf1 g2+ 45. Kg1 e2 46.
Kxg2 e1=Q 47. Kh3 Qe4 48. Kh2 Qg4 49. Kh1 Re1+ 50. Kh2 Re2+ 51. Kh1 Qg2# 0-1

[Event "Junior Online 4NCL Division 3"]
[Site "online"]
[Date "2020.05.21"]
[Round "6.78"]
[White "Chen, Olivia"]
[Black "Griffin-Young, Sebastian"]
[Result "0-1"]
[WhiteElo "1375"]
[BlackElo "1420"]
[PlyCount "78"]
[EventDate "2020.05.21"]
[WhiteTeam "Warwickshire Bears C"]
[BlackTeam "Robin Hoods 1"]

1. d4 Nf6 2. Nf3 g6 3. e3 Bg7 4. Bd3 O-O 5. c3 d5 6. Nbd2 e6 7. O-O Qd6 8. e4
dxe4 9. Nxe4 Qb6 10. Ne5 Nbd7 11. Nxf6+ Nxf6 12. Be3 Qxb2 13. c4 b6 14. a3 Bb7
15. Qf3 Bxf3 16. Nxf3 Ng4 17. Be4 Rad8 18. Rfb1 Qc3 19. Rc1 Qa5 20. Bd2 Qh5 21.
Bb4 Rfe8 22. Bc6 a5 23. Bxe8 axb4 24. Bc6 Bxd4 25. Ra2 Bxf2+ 26. Kf1 Be3 27.
Re1 Rd3 28. axb4 Nxh2+ 29. Ke2 Nxf3 30. Kxd3 Nxe1+ 31. Kxe3 Qh2 32. Ra8+ Kg7
33. Bf3 Nxg2+ 34. Ke4 Ne1 35. Rc8 Nxf3 36. Kxf3 Qb2 37. Ke4 Qxb4 38. Ke5 Qxc4
39. Rd8 f6# 0-1

[Event "Junior Online 4NCL Division 3"]
[Site "online"]
[Date "2020.05.21"]
[Round "6.81"]
[White "Baber, Sanjit"]
[Black "Agrawal, Ansh"]
[Result "1/2-1/2"]
[WhiteElo "1540"]
[BlackElo "1607"]
[PlyCount "108"]
[EventDate "2020.05.21"]
[WhiteTeam "Wey 1"]
[BlackTeam "Warwickshire Bears B"]

1. d4 d5 2. e3 c5 3. c4 cxd4 4. exd4 Nf6 5. Nc3 Nc6 6. cxd5 Nxd5 7. Nf3 Bg4 8.
Be2 e6 9. h3 Bh5 10. O-O Bg6 11. Bd3 Bh5 12. Be2 Bg6 13. Nxd5 exd5 14. Bb5 Be7
15. Qa4 Qc7 16. Ne5 Rc8 17. Qxa7 O-O 18. Bxc6 bxc6 19. Qxc7 Rxc7 20. Nf3 Bf6
21. Be3 Rb7 22. b3 Ra8 23. Rfc1 Rc7 24. a4 Be4 25. a5 Bxf3 26. gxf3 Rcc8 27. b4
Be7 28. Ra4 Rab8 29. Rb1 Ra8 30. b5 cxb5 31. Rxb5 Rd8 32. a6 Rd7 33. Kg2 h6 34.
Bf4 Kh7 35. Rb8 Raa7 36. Rb5 Bf6 37. Be3 Rd6 38. Rb7 Raxa6 39. Rxa6 Rxa6 40.
Rxf7 Ra4 41. Rd7 Ra5 42. Kg3 Kg6 43. h4 Kh5 44. Kh3 Kg6 45. Kg4 h5+ 46. Kg3 Kf5
47. Rc7 Ra4 48. Rd7 Ke6 49. Rb7 Ra1 50. Kg2 Ra5 51. Rc7 Be7 52. Rb7 Bf6 53. Rc7
Be7 54. Rb7 Bf6 1/2-1/2

[Event "Junior Online 4NCL Division 3"]
[Site "online"]
[Date "2020.05.21"]
[Round "6.82"]
[White "Kukreja, Karan"]
[Black "Doyle, Joshua"]
[Result "1/2-1/2"]
[WhiteElo "1540"]
[BlackElo "1600"]
[PlyCount "80"]
[EventDate "2020.05.21"]
[WhiteTeam "Warwickshire Bears B"]
[BlackTeam "Wey 1"]

1. d4 d5 2. Bf4 c6 3. e3 Bf5 4. Nf3 e6 5. Bd3 Bg6 6. Bxg6 hxg6 7. Nbd2 Nf6 8.
a3 Bd6 9. Bxd6 Qxd6 10. c4 Ng4 11. h3 Nd7 12. c5 Qc7 13. b4 a5 14. Ng5 Ndf6 15.
e4 dxe4 16. Ngxe4 Qf4 17. Nd6+ Ke7 18. Nf3 Ne4 19. Nxe4 Qxe4+ 20. Kf1 Rh5 21.
Qe2 Nf6 22. Qxe4 Nxe4 23. Ke2 g5 24. Ke3 f5 25. g4 fxg4 26. hxg4 Rxh1 27. Rxh1
Nf6 28. Nxg5 Nxg4+ 29. Kf3 Nh6 30. Re1 Rf8+ 31. Kg2 Rf6 32. Ne4 Rg6+ 33. Kf1
axb4 34. axb4 Ng4 35. Nd6 Nh2+ 36. Ke2 Rg4 37. Rd1 Kd7 38. Nxb7 Re4+ 39. Kd3
Rf4 40. Rd2 Ng4 1/2-1/2

[Event "Junior Online 4NCL Division 3"]
[Site "online"]
[Date "2020.05.21"]
[Round "6.83"]
[White "Mokhber-Garcia, Sebastian"]
[Black "Nasibova, Margarita"]
[Result "0-1"]
[WhiteElo "1465"]
[BlackElo "1450"]
[PlyCount "54"]
[EventDate "2020.05.21"]
[WhiteTeam "Wey 1"]
[BlackTeam "Warwickshire Bears B"]

1. e4 e5 2. f4 exf4 3. Nf3 Nf6 4. Nc3 d5 5. e5 Ne4 6. Nxe4 dxe4 7. Bb5+ c6 8.
Bxc6+ Nxc6 9. d4 exf3 10. Qxf3 Qxd4 11. Bxf4 Bc5 12. c3 Qd7 13. Rd1 Qe6 14. Rd5
Bb6 15. Rf1 O-O 16. c4 Bc7 17. Qe3 Re8 18. Kf2 Nxe5 19. Bxe5 Bxe5 20. Re1 f6
21. Kf1 Bd7 22. Red1 Bc6 23. R5d2 Qxc4+ 24. Kg1 Bf4 25. Qxe8+ Rxe8 26. Rd8 Rxd8
27. Rxd8+ Kf7 0-1

[Event "Junior Online 4NCL Division 3"]
[Site "online"]
[Date "2020.05.21"]
[Round "6.84"]
[White "Johal, Amrissa Kaur"]
[Black "Guo James, Jintian"]
[Result "0-1"]
[WhiteElo "1487"]
[BlackElo "1457"]
[PlyCount "110"]
[EventDate "2020.05.21"]
[WhiteTeam "Warwickshire Bears B"]
[BlackTeam "Wey 1"]

1. d4 Nf6 2. Nc3 g6 3. Bg5 Bg7 4. Nf3 O-O 5. e4 d6 6. Bc4 Bg4 7. O-O Nbd7 8. h3
Bxf3 9. Qxf3 e5 10. d5 h6 11. Bxf6 Nxf6 12. Rfe1 Rc8 13. a3 c6 14. Qd3 Qb6 15.
Rac1 cxd5 16. Bxd5 Qxb2 17. Nb5 Nxd5 18. exd5 e4 19. Qb3 Qxb3 20. cxb3 Rxc1 21.
Rxc1 a6 22. Nxd6 Bb2 23. Rd1 Bxa3 24. Nxb7 Rb8 25. Na5 Rb5 26. Nc4 Rxb3 27. d6
Rd3 28. Nxa3 Rxd1+ 29. Kh2 Rxd6 30. Nc4 Rd4 31. Na5 f5 32. Nc6 Rd2 33. Ne5 Rc2
34. Nxg6 Rxf2 35. Ne7+ Kf7 36. Nd5 f4 37. Nc3 e3 38. Nd1 e2 39. Nxf2 e1=Q 40.
Ng4 Qg3+ 41. Kg1 h5 42. Ne5+ Kf6 43. Nd7+ Ke6 44. Nc5+ Kd5 45. Nxa6 Qe3+ 46.
Kh2 Qb6 47. g3 Qxa6 48. gxf4 Qe2+ 49. Kg3 Ke4 50. h4 Qe1+ 51. Kh3 Kxf4 52. Kg2
Qg3+ 53. Kf1 Qh2 54. Ke1 Ke3 55. Kd1 Qd2# 0-1

[Event "Junior Online 4NCL Division 3"]
[Site "online"]
[Date "2020.05.21"]
[Round "6.85"]
[White "Agrawal, Ansh"]
[Black "Baber, Sanjit"]
[Result "1/2-1/2"]
[WhiteElo "1607"]
[BlackElo "1540"]
[PlyCount "174"]
[EventDate "2020.05.21"]
[WhiteTeam "Warwickshire Bears B"]
[BlackTeam "Wey 1"]

1. d4 Nf6 2. c4 e6 3. Nc3 c5 4. e3 d5 5. Nf3 Nc6 6. Be2 Bd6 7. O-O O-O 8. a3 h6
9. Re1 Re8 10. b3 b6 11. Bb2 Qc7 12. Nb5 Qd7 13. Nxd6 Qxd6 14. dxc5 bxc5 15.
Bxf6 gxf6 16. e4 Qd7 17. exd5 exd5 18. Qxd5 Qxd5 19. cxd5 Ne7 20. Bc4 Bb7 21.
Rad1 Rad8 22. d6 Nf5 23. Rxe8+ Rxe8 24. h3 Rd8 25. d7 Bc6 26. a4 Rxd7 27. Rxd7
Bxd7 28. Nd2 Be6 29. Bxe6 fxe6 30. Ne4 Kf7 31. Nxc5 Nd4 32. f3 a5 33. Kf2 Ke7
34. Ke3 Nc2+ 35. Kd2 Nb4 36. Kc3 Nc6 37. f4 Kd6 38. Ne4+ Ke7 39. Kc4 f5 40. Nc5
Kd6 41. Nb7+ Kc7 42. Nc5 Kd6 43. Nd3 h5 44. Nc5 h4 45. Nd3 Ne7 46. Kb5 Nc6 47.
Kc4 Ne7 48. Ne1 Kc6 49. Nf3 Ng6 50. Nd4+ Kd6 51. Ne2 e5 52. fxe5+ Nxe5+ 53. Kb5
Nc6 54. Nf4 Ke5 55. Ng6+ Kd6 56. Nxh4 Nd4+ 57. Kc4 Ke5 58. b4 axb4 59. Kxb4
Nc6+ 60. Kc5 Na5 61. Kb5 Nb3 62. Kb4 Nd4 63. a5 Nc6+ 64. Kb5 Nxa5 65. Kxa5 Kf4
66. Ng6+ Kg3 67. h4 Kg4 68. g3 Kh5 69. Ne7 f4 70. gxf4 Kxh4 71. f5 Kg5 72. Kb5
Kf6 73. Kc5 Kxe7 74. Kd5 Kf6 75. Ke4 Kf7 76. Kf4 Kf6 77. Ke4 Kf7 78. Ke5 Ke7
79. f6+ Kf8 80. Kf5 Kf7 81. Ke5 Kf8 82. Ke6 Ke8 83. Kf5 Kf7 84. Kg5 Kf8 85. Kg6
Kg8 86. Kf5 Kf7 87. Ke5 Kf8 1/2-1/2

[Event "Junior Online 4NCL Division 3"]
[Site "online"]
[Date "2020.05.21"]
[Round "6.86"]
[White "Doyle, Joshua"]
[Black "Kukreja, Karan"]
[Result "0-1"]
[WhiteElo "1600"]
[BlackElo "1540"]
[PlyCount "92"]
[EventDate "2020.05.21"]
[WhiteTeam "Wey 1"]
[BlackTeam "Warwickshire Bears B"]

1. d4 Nf6 2. Bg5 g6 3. c4 Bg7 4. g3 d6 5. e3 Nbd7 6. Nc3 O-O 7. Bg2 h6 8. Bf4
g5 9. Qc2 gxf4 10. exf4 e5 11. fxe5 dxe5 12. dxe5 Nxe5 13. Rd1 Qe7 14. Ne4 Nxe4
15. Qxe4 Re8 16. Ne2 f5 17. Qd5+ Be6 18. Qxb7 Bxc4 19. Qxa8 Rxa8 20. Bxa8 Bxa2
21. O-O Qe8 22. Ra1 Qxa8 23. Rxa2 Nf3+ 24. Kh1 Ne1+ 25. f3 Nxf3 26. Rf2 Nd4+
27. Kg1 Nxe2+ 28. Rxe2 Bd4+ 29. Rf2 Bxf2+ 30. Kxf2 Qb7 31. Kg1 Qb3 32. Ra5 Qb6+
33. Kg2 Qxa5 34. Kh3 Qb4 35. g4 fxg4+ 36. Kg3 Qxb2 37. Kxg4 Qxh2 38. Kf3 Qe5
39. Kg4 c5 40. Kf3 c4 41. Kg4 c3 42. Kf3 c2 43. Kf2 c1=Q 44. Kf3 Qcf4+ 45. Kg2
Qeg5+ 46. Kh3 Qfh4# 0-1

[Event "Junior Online 4NCL Division 3"]
[Site "online"]
[Date "2020.05.21"]
[Round "6.87"]
[White "Nasibova, Margarita"]
[Black "Mokhber-Garcia, Sebastian"]
[Result "0-1"]
[WhiteElo "1450"]
[BlackElo "1465"]
[PlyCount "86"]
[EventDate "2020.05.21"]
[WhiteTeam "Warwickshire Bears B"]
[BlackTeam "Wey 1"]

1. c4 c5 2. Nc3 Nc6 3. g3 Nf6 4. Bg2 e6 5. e4 e5 6. Nge2 d6 7. O-O Bg4 8. h3
Bh5 9. d3 Qb6 10. Nd5 Nxd5 11. exd5 Nd4 12. g4 Nxe2+ 13. Qxe2 Bg6 14. b3 O-O-O
15. Be3 Re8 16. Qc2 f5 17. f3 f4 18. Bf2 h5 19. a4 hxg4 20. fxg4 Be7 21. a5 Qc7
22. a6 b6 23. Rfd1 f3 24. Bxf3 Rxh3 25. Bg2 Rh6 26. Qc3 Bf6 27. Qd2 e4 28. Ra3
exd3 29. b4 Re2 30. Qc1 Bb2 31. Qf4 Bxa3 32. Qf8+ Re8 33. Qf3 Be4 34. Qf4 Bxg2
35. Kxg2 Rf6 36. Qg3 Re2 37. Rf1 cxb4 38. Qh3 Rf8 39. g5+ Qd7 40. Qxd3 Qg4+ 41.
Qg3 Qxg3+ 42. Kxg3 Bb2 43. Kg2 Bd4 0-1

[Event "Junior Online 4NCL Division 3"]
[Site "online"]
[Date "2020.05.21"]
[Round "6.88"]
[White "Guo James, Jintian"]
[Black "Johal, Amrissa Kaur"]
[Result "1/2-1/2"]
[WhiteElo "1457"]
[BlackElo "1487"]
[PlyCount "54"]
[EventDate "2020.05.21"]
[WhiteTeam "Wey 1"]
[BlackTeam "Warwickshire Bears B"]

1. e4 e5 2. Nf3 Nc6 3. Bb5 d6 4. O-O Bd7 5. d4 exd4 6. Bxc6 Bxc6 7. Nxd4 Bxe4
8. Re1 d5 9. f3 Bc5 10. fxe4 Ne7 11. Kh1 dxe4 12. Rxe4 f5 13. Rf4 g5 14. Rf1
Bxd4 15. Bxg5 Bxb2 16. Qh5+ Kf8 17. Rxf5+ Nxf5 18. Bxd8 Rxd8 19. Qxf5+ Ke8 20.
Qh5+ Kd7 21. Qb5+ Kc8 22. h3 Bxa1 23. Kh2 Rhe8 24. c3 Re6 25. Qf5 Rdd6 26. Qf8+
Rd8 27. Qf5 Rde8 1/2-1/2

[Event "Junior Online 4NCL Division 3"]
[Site "online"]
[Date "2020.05.28"]
[Round "7.11"]
[White "Whelan, Joseph"]
[Black "Baber, Sanjit"]
[Result "1-0"]
[WhiteElo "1547"]
[BlackElo "1540"]
[PlyCount "137"]
[EventDate "2020.05.28"]
[WhiteTeam "4 Gems"]
[BlackTeam "Wey 1"]

1. e4 c5 2. Nf3 Nc6 3. d4 cxd4 4. Bc4 Nf6 5. e5 Ne4 6. Nxd4 Nxe5 7. Bd3 Nxd3+
8. cxd3 Nf6 9. Nc3 e6 10. Nf3 Be7 11. O-O O-O 12. Be3 d5 13. d4 Qc7 14. Rc1 Qd7
15. Ne5 Qd8 16. Bf4 Bd6 17. Nb5 Bxe5 18. Bxe5 Bd7 19. Bc7 Qe8 20. Nd6 Qe7 21.
a3 Bc8 22. Re1 Qd7 23. Qb3 b6 24. Re3 Ne8 25. Nxe8 Rxe8 26. Be5 f6 27. Rc7 Qd8
28. Rg3 Re7 29. Rxe7 Qxe7 30. Bf4 Bd7 31. h3 b5 32. Qd3 f5 33. Be5 g6 34. Qf3
Qh4 35. Kh2 Kf7 36. Qc3 Qe7 37. b4 Rc8 38. Qf3 Qf8 39. Qf4 Rc6 40. Qh4 h5 41.
Qf6+ Ke8 42. Rxg6 Qxf6 43. Rxf6 Rc3 44. Bd6 Bc6 45. Bc5 Rxa3 46. Rxe6+ Kf7 47.
Rxc6 Ra2 48. Rc7+ Ke6 49. Rxa7 Rxf2 50. Re7+ Kf6 51. Kg3 Rc2 52. Rc7 h4+ 53.
Kh2 Rf2 54. Kg1 Rc2 55. Be7+ Ke6 56. Rxc2 Kxe7 57. Rc5 Kd6 58. Rxb5 Kc6 59.
Rc5+ Kd6 60. b5 f4 61. b6 Ke6 62. b7 Kf5 63. b8=Q Ke4 64. Qe5+ Kd3 65. Qe1 Kxd4
66. Qc3+ Ke4 67. Kf2 f3 68. gxf3+ Kf4 69. Qf6# 1-0

[Event "Junior Online 4NCL Division 3"]
[Site "online"]
[Date "2020.05.28"]
[Round "7.12"]
[White "Doyle, Joshua"]
[Black "Gogia, Abeer"]
[Result "0-1"]
[WhiteElo "1600"]
[BlackElo "1427"]
[PlyCount "46"]
[EventDate "2020.05.28"]
[WhiteTeam "Wey 1"]
[BlackTeam "4 Gems"]

1. e4 c5 2. Nf3 d6 3. d4 cxd4 4. Nxd4 Nf6 5. Nc3 a6 6. Qf3 Bg4 7. Qg3 g6 8. Bg5
Nbd7 9. Nd5 Be6 10. Nxe6 fxe6 11. Nxf6+ Nxf6 12. Qc3 Rc8 13. Qb3 Nxe4 14. Qa4+
Rc6 15. Qxe4 Qa5+ 16. Bd2 Qb6 17. Bc3 e5 18. f4 Bg7 19. fxe5 dxe5 20. Bxe5 Bxe5
21. Rb1 Bc3+ 22. Kd1 Re6 23. Qc4 Re1# 0-1

[Event "Junior Online 4NCL Division 3"]
[Site "online"]
[Date "2020.05.28"]
[Round "7.13"]
[White "Rizvi, Aysha"]
[Black "Mokhber-Garcia, Sebastian"]
[Result "0-1"]
[WhiteElo "1345"]
[BlackElo "1465"]
[PlyCount "140"]
[EventDate "2020.05.28"]
[WhiteTeam "4 Gems"]
[BlackTeam "Wey 1"]

1. c4 c5 2. g3 g6 3. Bg2 Bg7 4. Nc3 Nf6 5. Nf3 Nc6 6. O-O O-O 7. d3 d5 8. cxd5
Nxd5 9. Nxd5 Qxd5 10. Rb1 Qxa2 11. Bg5 h6 12. Bf4 e5 13. Be3 b6 14. Qd2 Kh7 15.
Nxe5 Bf6 16. Nxc6 Bb7 17. Nb4 cxb4 18. Bxb7 Rab8 19. Be4 h5 20. Bh6 Rfe8 21.
Bg5 Bg7 22. Qxb4 a5 23. Qb5 Re5 24. Qc4 Qxc4 25. dxc4 Rxe4 26. Bf4 Rbe8 27.
Rfe1 Rxc4 28. b3 Rc2 29. e3 Rcc8 30. Rbd1 Re7 31. Re2 Rc3 32. Red2 Rxb3 33. Rd7
Rxd7 34. Rxd7 f6 35. Rd6 g5 36. Bxg5 fxg5 37. Rd5 Kg6 38. e4 a4 39. e5 Bxe5 40.
Rxe5 Kf6 41. Re4 a3 42. Ra4 b5 43. Ra5 b4 44. h4 gxh4 45. gxh4 Rb2 46. Rxh5 a2
47. Ra5 b3 48. Ra6+ Kg7 49. Ra7+ Kh6 50. Ra6+ Kg7 51. Ra7+ Kf6 52. Ra6+ Ke7 53.
Ra7+ Kd6 54. Ra6+ Kc7 55. Ra7+ Kb6 56. Rh7 a1=Q+ 57. Kg2 Qa2 58. Rh6+ Kc7 59.
Rh7+ Kd6 60. Rh6+ Ke7 61. Rh7+ Kf6 62. Rh6+ Kg7 63. Rh5 Rxf2+ 64. Kg3 Rg2+ 65.
Kf4 b2 66. Rb5 Qa4+ 67. Kf5 Qxb5+ 68. Kf4 b1=Q 69. Kf3 Qd5+ 70. Kf4 Qbe4# 0-1

[Event "Junior Online 4NCL Division 3"]
[Site "online"]
[Date "2020.05.28"]
[Round "7.14"]
[White "Guo James, Jintian"]
[Black "Rizvi, Zara"]
[Result "1-0"]
[WhiteElo "1457"]
[BlackElo "1360"]
[PlyCount "61"]
[EventDate "2020.05.28"]
[WhiteTeam "Wey 1"]
[BlackTeam "4 Gems"]

1. e4 c5 2. Nf3 d6 3. d4 cxd4 4. Nxd4 Nf6 5. Nc3 g6 6. Be2 Bg7 7. Be3 O-O 8.
O-O Nc6 9. f3 Bd7 10. Nb3 a6 11. Qe1 Rc8 12. Qf2 Qc7 13. Bb6 Qb8 14. Be3 Qc7
15. Rad1 Be6 16. Rd2 Qd7 17. Nc5 Qc7 18. Nxe6 fxe6 19. Bb6 Qd7 20. e5 Ne8 21.
exd6 exd6 22. Rfd1 Qe7 23. Ne4 d5 24. Bc5 Qd7 25. Bxf8 Kxf8 26. Ng5 Bxb2 27.
Qh4 Kg8 28. Qh3 e5 29. Qxd7 Rd8 30. Qxh7+ Kf8 31. Qf7# 1-0

[Event "Junior Online 4NCL Division 3"]
[Site "online"]
[Date "2020.05.28"]
[Round "7.15"]
[White "Baber, Sanjit"]
[Black "Whelan, Joseph"]
[Result "0-1"]
[WhiteElo "1540"]
[BlackElo "1547"]
[PlyCount "140"]
[EventDate "2020.05.28"]
[WhiteTeam "Wey 1"]
[BlackTeam "4 Gems"]

1. d4 c5 2. dxc5 e5 3. Nf3 Bxc5 4. Nxe5 Qa5+ 5. Nc3 Bxf2+ 6. Kxf2 Qxe5 7. g3
Nf6 8. Kg2 b6 9. Kf2 Ng4+ 10. Ke1 Bb7 11. Rg1 Qc5 12. e3 Nxh2 13. Bg2 Nc6 14.
Rh1 Qg5 15. Ne4 Qg4 16. Rxh2 Qxd1+ 17. Kxd1 O-O 18. Bd2 Ne5 19. Nf6+ gxf6 20.
Bxb7 Rab8 21. Be4 Rfe8 22. Bxh7+ Kg7 23. Bd3 Nf3 24. Rf2 Ne5 25. Ke2 Rh8 26.
Re1 Rh5 27. Kd1 Rbh8 28. Be2 Rh2 29. Rxh2 Rxh2 30. Rg1 d5 31. Kc1 Rxe2 32. Kd1
Rxd2+ 33. Kxd2 Nf3+ 34. Kd3 Nxg1 35. e4 dxe4+ 36. Kxe4 Ne2 37. g4 Kg6 38. c3
Nc1 39. a3 Kg5 40. Kf3 Nb3 41. a4 Nd2+ 42. Ke2 Nc4 43. b3 Na5 44. b4 Nb7 45.
Kf3 a6 46. c4 Nd6 47. c5 bxc5 48. bxc5 Nc4 49. c6 Ne5+ 50. Kg3 Nxc6 51. Kf3 a5
52. Kg3 Nd4 53. Kh3 Ne2 54. Kg2 Kxg4 55. Kf2 Nc3 56. Ke3 Nxa4 57. Kd4 f5 58.
Kd5 f4 59. Kd6 f3 60. Ke7 f2 61. Kxf7 f1=Q+ 62. Ke6 Qa6+ 63. Ke5 Qc4 64. Kd6
Qb5 65. Kc7 Qb6+ 66. Kd7 Nc5+ 67. Ke7 Qe6+ 68. Kf8 Qd7 69. Kg8 Ne6 70. Kh8 Qg7#
0-1

[Event "Junior Online 4NCL Division 3"]
[Site "online"]
[Date "2020.05.28"]
[Round "7.16"]
[White "Gogia, Abeer"]
[Black "Doyle, Joshua"]
[Result "1-0"]
[WhiteElo "1427"]
[BlackElo "1600"]
[PlyCount "29"]
[EventDate "2020.05.28"]
[WhiteTeam "4 Gems"]
[BlackTeam "Wey 1"]

1. e4 e5 2. Nf3 Nc6 3. d4 exd4 4. Nxd4 Bc5 5. Be3 Qf6 6. Nb5 Bxe3 7. fxe3 Qxb2
8. N1c3 Nb4 9. Rb1 Nxc2+ 10. Kf2 Nxe3+ 11. Kxe3 Qxb1 12. Qxb1 Kd8 13. Nd5 c6
14. Qb4 Nh6 15. Qe7# 1-0

[Event "Junior Online 4NCL Division 3"]
[Site "online"]
[Date "2020.05.28"]
[Round "7.17"]
[White "Mokhber-Garcia, Sebastian"]
[Black "Rizvi, Aysha"]
[Result "1-0"]
[WhiteElo "1465"]
[BlackElo "1345"]
[PlyCount "117"]
[EventDate "2020.05.28"]
[WhiteTeam "Wey 1"]
[BlackTeam "4 Gems"]

1. Nc3 c5 2. e4 Nc6 3. Nf3 g6 4. d4 cxd4 5. Nxd4 Bg7 6. Nxc6 bxc6 7. Bd2 d6 8.
Bd3 Nf6 9. O-O O-O 10. f4 Bg4 11. Be2 Bxe2 12. Qxe2 Rb8 13. b3 Nd7 14. f5 Qb6+
15. Be3 Qb4 16. Bd2 Bxc3 17. Bxc3 Qxc3 18. Rac1 Ne5 19. Qf2 Ng4 20. Qxa7 Qe5
21. g3 Qxe4 22. Rf4 Qe3+ 23. Qxe3 Nxe3 24. fxg6 fxg6 25. Re4 Ng4 26. Rxg4 Ra8
27. a4 Ra5 28. Rf1 Rc5 29. Rxf8+ Kxf8 30. Rc4 Rxc4 31. bxc4 Kf7 32. a5 e5 33.
a6 e4 34. a7 e3 35. a8=Q e2 36. Qa1 d5 37. cxd5 cxd5 38. Qe1 Ke6 39. Qxe2+ Kd6
40. c4 d4 41. Qd3 Kc5 42. Kf2 g5 43. Kf3 h5 44. Ke4 h4 45. Qxd4+ Kc6 46. Qd5+
Kc7 47. Qxg5 Kd6 48. Qxh4 Kc5 49. Kf5 Kd6 50. Qe4 Kc5 51. Qd5+ Kb4 52. c5 Kb5
53. c6+ Kb6 54. Qd6 Ka7 55. c7 Kb7 56. Qd7 Kb6 57. c8=Q Ka5 58. Qc5+ Ka6 59.
Qdc6# 1-0

[Event "Junior Online 4NCL Division 3"]
[Site "online"]
[Date "2020.05.28"]
[Round "7.18"]
[White "Rizvi, Zara"]
[Black "Guo James, Jintian"]
[Result "0-1"]
[WhiteElo "1360"]
[BlackElo "1457"]
[PlyCount "128"]
[EventDate "2020.05.28"]
[WhiteTeam "4 Gems"]
[BlackTeam "Wey 1"]

1. d4 Nf6 2. c4 g6 3. Nc3 Bg7 4. e4 d6 5. Nf3 Bg4 6. Be2 O-O 7. O-O Nbd7 8. Bg5
Bxf3 9. Bxf3 e5 10. d5 h6 11. Bxf6 Qxf6 12. b4 a5 13. a3 axb4 14. axb4 Nb6 15.
Rxa8 Rxa8 16. Qb3 Qd8 17. c5 Nd7 18. cxd6 cxd6 19. Rb1 Qc7 20. Nb5 Qb6 21. Qc4
f5 22. exf5 gxf5 23. Nc3 e4 24. Be2 Ne5 25. Qb3 Nd3 26. Bxd3 exd3 27. Rd1 Qd4
28. Nb1 Ra1 29. Nd2 Rxd1+ 30. Qxd1 Qxb4 31. Nf1 Qc4 32. Ng3 Qc2 33. Qxc2 dxc2
34. Ne2 Bb2 35. Kf1 c1=Q+ 36. Nxc1 Bxc1 37. Ke1 b5 38. Kd1 Bg5 39. Kc2 Kf7 40.
Kb3 Kf6 41. Kb4 Ke5 42. Kxb5 Kxd5 43. Kb4 Kd4 44. Kb5 d5 45. Kc6 Kc4 46. Kd6 d4
47. Ke5 f4 48. Ke4 Kc3 49. g3 fxg3 50. hxg3 d3 51. Kf3 d2 52. Ke2 Kc2 53. f4
d1=Q+ 54. Ke3 Qd2+ 55. Ke4 Qd3+ 56. Ke5 Qxg3 57. Kf5 Qxf4+ 58. Ke6 Qe4+ 59. Kd7
Qd5+ 60. Kc8 Qf7 61. Kb8 Bf4+ 62. Ka8 Be3 63. Kb8 Bb6 64. Ka8 Qa7# 0-1

[Event "Junior Online 4NCL Division 3"]
[Site "online"]
[Date "2020.05.28"]
[Round "7.21"]
[White "Patel, Krrish"]
[Black "Mikalajunas, Kajus"]
[Result "0-1"]
[WhiteElo "1517"]
[BlackElo "1675"]
[PlyCount "125"]
[EventDate "2020.05.28"]
[WhiteTeam "Harrow Juniors B"]
[BlackTeam "Leicestershire Juniors 1"]

1. d4 e6 2. Bf4 d5 3. Nf3 Nf6 4. e3 Bd6 5. Bg3 O-O 6. c3 c6 7. Nbd2 Qc7 8. Bxd6
Qxd6 9. Qc2 h6 10. e4 dxe4 11. Nxe4 Nxe4 12. Qxe4 Nd7 13. Ne5 Nxe5 14. Qxe5
Qxe5+ 15. dxe5 f6 16. exf6 gxf6 17. Bc4 b5 18. Bb3 c5 19. a3 c4 20. Ba2 Bb7 21.
f3 Rfe8 22. O-O-O e5 23. Rd7 Bc8 24. Rd5 a6 25. Rd6 Re6 26. Rhd1 Kf7 27. b3
Rxd6 28. Rxd6 Be6 29. bxc4 bxc4 30. Rc6 Re8 31. Bxc4 Bxc4 32. Rxc4 Rg8 33. g3
f5 34. Rc5 Kf6 35. Rc6+ Kg5 36. Rxa6 f4 37. g4 h5 38. h3 hxg4 39. hxg4 Kh4 40.
Re6 Kg3 41. Rxe5 Kxf3 42. g5 Kg4 43. Kd2 f3 44. Ke1 Kf4 45. Rc5 Kg3 46. Kf1 Rh8
47. Ke1 f2+ 48. Ke2 Kg2 49. Rf5 Re8+ 50. Kd3 f1=Q+ 51. Rxf1 Kxf1 52. Kc4 Rg8
53. Kb4 Rxg5 54. c4 Kf2 55. c5 Ke3 56. a4 Kd4 57. a5 Rxc5 58. Ka4 Kc4 59. a6
Rc8 60. Ka5 Kc5 61. a7 Ra8 62. Ka6 Kc6 63. Ka5 0-1

[Event "Junior Online 4NCL Division 3"]
[Site "online"]
[Date "2020.05.28"]
[Round "7.22"]
[White "Tang, Joshua"]
[Black "Sankar, Dheekshitha"]
[Result "1/2-1/2"]
[WhiteElo "1495"]
[BlackElo "1510"]
[PlyCount "169"]
[EventDate "2020.05.28"]
[WhiteTeam "Leicestershire Juniors 1"]
[BlackTeam "Harrow Juniors B"]

1. e4 e5 2. Nf3 Nc6 3. Bc4 Bc5 4. c3 Nf6 5. d4 exd4 6. cxd4 Bb6 7. d5 Na5 8.
Bd3 d6 9. b4 Ng4 10. O-O Qf6 11. Bb5+ Nc6 12. dxc6 O-O 13. cxb7 Bxb7 14. e5
Nxe5 15. Nbd2 Nxf3+ 16. Nxf3 Qxa1 17. Qc2 Qf6 18. Ng5 Qh6 19. Nxf7 Qg6 20. Qxg6
hxg6 21. Bc4 d5 22. Ne5 dxc4 23. Nxc4 Rf4 24. Bxf4 Rd8 25. Nxb6 axb6 26. Bxc7
Rd2 27. Bxb6 Rxa2 28. Bc5 Rd2 29. h3 Rd5 30. Rc1 Rg5 31. g3 Rh5 32. h4 g5 33.
hxg5 Rxg5 34. Be3 Rh5 35. Kf1 Rh1+ 36. Ke2 Ba6+ 37. Kd2 Rh5 38. Ra1 Rd5+ 39.
Kc1 Bc4 40. Ra5 Rd3 41. b5 Rc3+ 42. Kd2 Rb3 43. Ra8+ Kh7 44. b6 Bd5 45. Ra4
Rb2+ 46. Kc3 Rb3+ 47. Kd4 Rb5 48. Ra7 Bg2 49. Kc4 Bf1+ 50. Kc3 Kg6 51. b7 Bg2
52. Ra6+ Kf7 53. Ra4 Rxb7 54. Rf4+ Kg8 55. Bd4 Rc7+ 56. Kd3 Bf1+ 57. Ke3 Bb5
58. Rf5 Re7+ 59. Kf4 Bd3 60. Rg5 Re4+ 61. Kf3 Rxd4 62. Ke3 Rd7 63. Rg4 Bh7 64.
f4 Rd3+ 65. Ke2 Rd7 66. Ke3 Re7+ 67. Kd4 Bf5 68. Rg5 Bh7 69. f5 Rf7 70. g4 g6
71. fxg6 Rg7 72. gxh7+ Kxh7 73. Rxg7+ Kxg7 74. Ke4 Kg6 75. Kf3 Kg5 76. Kg3 Kg6
77. Kf3 Kg5 78. Kg3 Kg6 79. Kh4 Kh6 80. g5+ Kg6 81. Kg4 Kg7 82. Kf4 Kg6 83. Kg4
Kg7 84. Kf5 Kf7 85. g6+ 1/2-1/2